000 00993aam a2200337 i 4500
001 768714001
003 CO-MdFUSB
005 20260123124017.0
007 ta
008 260123t1992 -cn |||| |||| 00| 0 eng d
020 _a0-8020-2218-9
040 _cCO-MdFUSB
041 0 _aeng
082 0 4 _223
_a492.4
_bW7211h
100 1 _aWilliams, Ronald J. (James) (1917-1993)
_eautor
245 1 0 _aHebrew syntax :
_ban outline
_c/ Ronald J. Williams
250 _asegunda edición
264 1 _bUniversity of Toronto Press,
_aToronto :
_c[1992]
264 4 _c©1992
300 _a122 páginas
_c; 25 cm
336 _atexto
_btxt
_2rdacontent
337 _2rdamedia
_asin mediación
_bn
338 _2rdacarrier
_avolumen
_bnc
505 _aSintaxis del sustantivo. -- Sintaxis del verbo. -- Sintaxis de partículas. -- Sintaxis de las cláusulas.
563 _aRústico
653 _aSintaxis
653 _aHebreo
942 _cBK
945 _aJTF-925
999 _c42797
_d42797